| 000 | 00510nam a2200193 i 4500 | ||
|---|---|---|---|
| 001 | 101538 | ||
| 003 | ES-MaACL | ||
| 005 | 20250907063058.0 | ||
| 007 | t| | ||
| 008 | 051020s1967 sp ||||1| spa d | ||
| 080 | _a821.134.2-31"19" | ||
| 100 | 1 |
_aMedio, Dolores, _d1911-1996 _979767 |
|
| 245 | 1 | 0 |
_aAndrés / _cDolores Medio. |
| 250 | _a[1ª ed.]. | ||
| 260 |
_aOviedo : _bGrandío, _c1967. |
||
| 300 |
_a288 p. ; _c20 cm. |
||
| 852 |
_aES-MaACL _jC-31953 _bR.62555 |
||
| 999 |
_c101538 _d101538 |
||